<?xml version="1.0" encoding="UTF-8"?>
<marc:record xmlns:marc="http://www.loc.gov/MARC21/slim">
   <marc:leader>00000nam a2200000 a 4500</marc:leader>
   <marc:datafield ind1="1" ind2=" " tag="100">
      <marc:subfield code="a">Kessler, Liz</marc:subfield>
      <marc:subfield code="4">aut</marc:subfield>
      <marc:subfield code="e">Verfasser/-in</marc:subfield>
   </marc:datafield>
   <marc:datafield ind1="0" ind2="0" tag="245">
      <marc:subfield code="a">Philippa und die Wunschfee</marc:subfield>
   </marc:datafield>
   <marc:datafield ind1=" " ind2="1" tag="264">
      <marc:subfield code="b">S. Fischer Verlag GmbH</marc:subfield>
      <marc:subfield code="c">2008</marc:subfield>
   </marc:datafield>
   <marc:datafield ind1="1" ind2=" " tag="520">
      <marc:subfield code="a">Glaubt ihr etwa an Feen ? Zierliche, wunderschöne Feen mit hauchzarten, glitzernden Flügeln und langem blondem Haar? Ich auch nicht! Schließlich bin ich nicht mehr drei, sondern fast dreizehn. Aber stellt euch mal vor, nur so zum Spaß: Was wäre, wenn jeder von uns eine persönliche gute Fee hätte, die ihm drei Wünsche erfüllen könnte ? Wäre das nicht einfach unbeschreiblich? </marc:subfield>
   </marc:datafield>
   <marc:datafield ind1=" " ind2=" " tag="020">
      <marc:subfield code="a">978359685306</marc:subfield>
      <marc:subfield code="9">978359685306</marc:subfield>
   </marc:datafield>
</marc:record>
